000 00685 a2200265 4500
020 _a0-672-31410-X (pbk) ;
040 _aDLC
_bDLC
082 _a005.4469
082 _a005.4
082 _a005.4
082 _a005.446
100 1 _aPitts, David
245 0 0 _aRed Hat Linux unleashed
_cDavid Pitt, Bill Ball
250 _a3. ed.
260 _aIndianapolis, Ind. :
_bSams,
_c1998
300 _a1020 s. +
_e2 CD-ROM
500 _aHä²´ill 2 CD-ROM
650 4 _aLinux
650 4 _aLinux
650 4 _aLinux (Computer operating systems for microcomputers)
650 4 _aCD-ROM disks
700 1 _aBall, Bill
740 0 _aRed Hat Linux
942 _cBK
_k005.4469 PIT
_2ddc
999 _c6466
_d6466